| 000 | 00604nam a2200217Ia 4500 | ||
|---|---|---|---|
| 005 | 20260429111933.0 | ||
| 008 | 260429s9999||||xx |||||||||||||| ||und|| | ||
| 020 | _a9781009364508 | ||
| 041 | _aEnglish | ||
| 082 |
_a410.954 _bLOW |
||
| 100 | _aLowe, John J. | ||
| 245 | 0 |
_aModern linguistics in ancient India / _cJohn J. Lowe |
|
| 250 | _a1st ed. | ||
| 260 |
_aNew York : _bCambridge University Press, _c2024. |
||
| 300 | _axix, 259 p.; hb | ||
| 650 | _a Ancient scholarship | ||
| 650 | _a History of linguistics | ||
| 650 | _a Sanskrit grammar | ||
| 650 | _aLinguistics-India | ||
| 942 | _cTB | ||
| 999 |
_c51513 _d51513 |
||